Child Rights and Children in Need of Special Protection (Record no. 16951)
[ view plain ]
| 000 -LEADER | |
|---|---|
| fixed length control field | 00469nam a22001577a 4500 |
| 008 - FIXED-LENGTH DATA ELEMENTS--GENERAL INFORMATION | |
| fixed length control field | 180710b xxu||||| |||| 00| 0 eng d |
| 020 ## - INTERNATIONAL STANDARD BOOK NUMBER | |
| International Standard Book Number | 9966011803 |
| 050 ## - LIBRARY OF CONGRESS CALL NUMBER | |
| Classification number | HQ792 |
| Item number | .K33 2012 c.1 |
| 100 ## - MAIN ENTRY--PERSONAL NAME | |
| Personal name | Kabiru, Margaret |
| 245 ## - TITLE STATEMENT | |
| Title | Child Rights and Children in Need of Special Protection |
| Statement of responsibility, etc. | Margaret Kabiru |
| 260 ## - PUBLICATION, DISTRIBUTION, ETC. (IMPRINT) | |
| Place of publication, distribution, etc. | Nairobi |
| Name of publisher, distributor, etc. | Focus |
| Date of publication, distribution, etc. | 2012 |
| 300 ## - PHYSICAL DESCRIPTION | |
| Extent | 227p. |
| 650 ## - SUBJECT ADDED ENTRY--TOPICAL TERM | |
| Topical term or geographic name as entry element | Children's Rights |
| Form subdivision | Kenya |
| 650 ## - SUBJECT ADDED ENTRY--TOPICAL TERM | |
| Topical term or geographic name as entry element | Children Services for |
| Geographic subdivision | Kenya |
| 942 ## - ADDED ENTRY ELEMENTS (KOHA) | |
| Source of classification or shelving scheme | Library of Congress Classification |
| Koha item type | General Collection |
| Withdrawn status | Lost status | Source of classification or shelving scheme | Not for loan | Home library | Current library | Date acquired | Cost, normal purchase price | Total Checkouts | Full call number | Barcode | Date last seen | Date last checked out | Price effective from | Koha item type |
|---|---|---|---|---|---|---|---|---|---|---|---|---|---|---|
| Library of Congress Classification | Kabarak, Main Campus | Kabarak, Main Campus | 10/07/2018 | 638.00 | 3 | HQ792 .K33 2012 c.1 | 024130 | 08/04/2026 | 25/06/2019 | 10/07/2018 | General Collection | |||
| Library of Congress Classification | Kabarak, Main Campus | Kabarak, Main Campus | 10/07/2018 | 638.00 | 1 | HQ792 .K33 2012 c.2 | 024131 | 09/07/2019 | 08/07/2019 | 10/07/2018 | General Collection | |||
| Library of Congress Classification | Kabarak, Main Campus | Kabarak, Main Campus | 10/07/2018 | 638.00 | 2 | HQ792 .K33 2012 c.3 | 024132 | 09/07/2019 | 01/07/2019 | 10/07/2018 | General Collection |